zpět

Detail výsledku týmu

Hasičárna Novesta, Zlín

Datum a čas kvízu

33 Celkem bodů Celkový počet nahraných bodů na tomto kvízu bez doplňovacích otázek.
7. Pořadí na kvízu Konečné umístění týmu na tomto kvízu.

Zaznamenané odpovědi

# Otázka Odpověď Body Výsledky
1. V areálu Veterinární univerzit... C) kůň panenky Barbie 1
2. Nebývá zvykem, aby politik zas... Emily v Paříži/ Emily in Paris 1
3. Minulý týden jsme se dozvěděli... Kanye West, Bianca Censori 0
4. Nápad vědců z brněnské Mendelo... B) mangové pecky 0
5. Jakub Vágner prožívá výjimečno... sumec 1
6. Hned na začátku tohoto tématu... pekanové (0,5 b.), makadamové (1 b.) 0.5
7. V jedné populární české písnič... Báječná ženská, Michal Tučný 0.5
8. Jak se jedním kratším slovem n... gola 1
9. Který oříšek se na české Wikip... muškátový 1
10. Který z těchto výroků o pohádc... C 1